000
00184 a2200097 4500
020
_a
0394809674
041
_a
spa
100
_a
Stan Berestain
245
_a
Bears on wheels
942
_c
BK
999
_c
29213
_d
29211